| 000 | 00422cam a2200157 4500 | ||
|---|---|---|---|
| 001 | D12027 | ||
| 008 | 090401t1947 xxu||||| |||| 00| 0 eng d | ||
| 035 | _a(Sirsi) u808 | ||
| 041 | _aeng | ||
| 110 |
_aAssociation for Planning and Regional Reconstruction _91118 |
||
| 245 | _aNew ideas for farm buildings | ||
| 260 |
_bAssociation for Planning and Regional Re _c1947 |
||
| 350 | _a0 | ||
| 942 | _n0 | ||
| 948 | _c04/03/1997 | ||
| 999 |
_c85594 _d85594 |
||